00300nam a22001337a 4500003000400000008004100004020001800045082001500063100001500078245002900093250001100122260002500133300000800158OSt240410b |||||||| |||| 00| 0 eng d a9789355518651 a004.65 ARM aARORA,Ritu aMastering Advanced Excel a1st Ed aNew DelhibBPBc2024 a495